Nanoworld : (Record no. 146526)

MARC details
000 -LEADER
fixed length control field 00701nam a22002177a 4500
005 - DATE AND TIME OF LATEST TRANSACTION
control field 20171012122831.0
010 ## - LCCN (DPL NO)
LC control number ENG-120844
020 ## - INTERNATIONAL STANDARD BOOK NUMBER
International Standard Book Number 8184672470
Terms of availability 200.00
035 ## - SYSTEM CONTROL NUMBER
System control number EN-104376
037 ## - SOURCE OF ACQUISITION
Source of stock number/acquisition DBAD/PUB
082 ## - DEWEY DECIMAL CLASSIFICATION NUMBER
Classification number 620.115
100 ## - MAIN ENTRY--PERSONAL NAME
Personal name Rao, C.N.R.
245 ## - TITLE STATEMENT
Title Nanoworld :
Statement of responsibility, etc by C.N.R. Rao ; Assisted by Indumati Rao [and] Jatinder Kaur
Remainder of title an introdution to nanoscience and technology /
260 ## - PUBLICATION, DISTRIBUTION, ETC. (IMPRINT)
Place of publication, distribution, etc Bangalore
Name of publisher, distributor, etc Navakarnatak Publishers
Date of publication, distribution, etc 2011
270 ## - ADDRESS
Address Embassy Centre, Crescent Road
City Bangalore
Postal code 560001
300 ## - PHYSICAL DESCRIPTION
Extent 96p.:
Dimensions 22cm(pbk)
Other physical details ill
500 ## - GENERAL NOTE
General note Includes Index
700 ## - ADDED ENTRY--PERSONAL NAME
Personal name Rao, Indumati
700 ## - ADDED ENTRY--PERSONAL NAME
Personal name Jatinder, Kaur
942 ## - ADDED ENTRY ELEMENTS (KOHA)
Source of classification or shelving scheme Dewey Decimal Classification
Item type English Books
Classification part 620.115
Call number suffix RAO
Holdings
Withdrawn status Lost status Not for loan Collection code Home library Current library Date acquired Source of acquisition Cost, normal purchase price Full call number Barcode Copy number Cost, replacement price Koha item type
    Not For Loan Non-fiction D.B.Act.Division Bawana 12/10/2017 DBAD/PUB 200.00 620.115 RAO EN-104376 1 200.00 English Books

© Delhi Public Library
Hit Counter
free hit counter